La Sociedad Romana. Historia de las costumbres en Roma, desde Augusto hasta los Antoninos.
Gardado en:
| Autor Principal: | |
|---|---|
| Outros autores: | |
| Formato: | Libro |
| Idioma: | Lingua castelá |
| Publicado: |
México, D.F., México:
Fondo de Cultura Económica,
1947.
|
| Series: | Sección de obras de Historia.
|
| Subjects: | |
| Tags: |
Engadir etiqueta
Sen Etiquetas, Sexa o primeiro en etiquetar este rexistro!
|
MARC
| LEADER | 00000nam a2200000 a 4500 | ||
|---|---|---|---|
| 001 | UCW9105 | ||
| 003 | CL-VaPUC | ||
| 005 | 20250227154001.0 | ||
| 008 | 881205e19470000MX |||||||||||||||||spa|d | ||
| 999 | |c 221153 |d 221151 | ||
| 020 | |a 84-375-0217-9 | ||
| 040 | |c Pontificia Universidad Católica de Valparaíso | ||
| 082 | 0 | 4 | |a 937.06 FRI 1947 |2 21 |
| 100 | 0 | |a Friedlaender, Ludwig |e autor |9 314240 | |
| 245 | 1 | 3 | |a La Sociedad Romana. |b Historia de las costumbres en Roma, desde Augusto hasta los Antoninos. |
| 260 | |a México, D.F., México: |b Fondo de Cultura Económica, |c 1947. | ||
| 300 | |a 1217 páginas. | ||
| 490 | 0 | |a Sección de obras de Historia. | |
| 500 | |a c.3 Donación Familia Prof. Alejandro Guzmán Brito. | ||
| 583 | |a last modification |c 19881205 00:00:00 |k Rodrigo Vera | ||
| 650 | 0 | |a Historia |9 255047 | |
| 650 | 0 | |a Vida social y costumbres |9 258725 | |
| 651 | 0 | |a Roma |9 255106 | |
| 700 | |a Roces, W. |9 865504 | ||
| 942 | |c BK |2 ddc |n 0 | ||
| 945 | |d 19881205 00:00:00 | ||
| 952 | |0 0 |1 0 |4 0 |6 937_060000000000000_FRI_1947 |7 0 |8 A |9 214176 |a BIBHIS |b BIBHIS |d 2019-11-15 |i 2828022 |o 937.06 FRI 1947 |p 2828022 |r 2023-01-25 |w 2019-11-15 |y BK |k HIS | ||
| 952 | |0 0 |1 0 |4 0 |6 937_060000000000000_FRI_1947 |7 0 |8 A |9 214177 |a BIBHIS |b BIBHIS |d 2019-11-15 |i 2828030 |o 937.06 FRI 1947 |p 2828030 |r 2023-01-25 |w 2019-11-15 |y BK |k HIS | ||
| 952 | |0 0 |1 0 |2 ddc |4 0 |6 937_060000000000000_FRI_1947 |7 1 |8 C_AGB |9 579973 |a BIBDER |b BIBDER |d 2021-12-29 |e Donación |i 5632870 |l 11 |o 937.06 FRI 1947 |p 5632870 |r 2023-11-22 |s 2023-11-22 |t 3 |w 2021-12-29 |y BK_US |k AGB | ||